| 000 | 00573nam a2200205 a 4500 | ||
|---|---|---|---|
| 005 | 20220622063444.0 | ||
| 008 | 130911s2007 ag r 000 0 spa d | ||
| 020 | _a9505812108 (10 dígitos) | ||
| 020 | _a9789505812103 (13 dígitos) | ||
| 035 | _aUPN01000192792 | ||
| 049 | _aCG | ||
| 050 | 4 |
_aPQ7797 O7.4 _bC4.4 |
|
| 100 | 1 |
_aOrgambide, Pedro, _d1929-2003 _934633 |
|
| 245 | 1 | 0 |
_aCelebración / _cPedro Orgambide. |
| 260 |
_aBuenos Aires : _bColihue, _c2007. |
||
| 300 |
_a71 p. : _bil. |
||
| 440 | 3 | _aLa movida | |
| 650 | 0 |
_aNovela argentina _95078 |
|
| 905 | _aLibro | ||
| 999 |
_c164894 _d164894 |
||